Uplatnenie kontrolných postupov pri účtovaní a vykazovaní dlhodobého majetku diplomová práca

Guardado en:
Detalles Bibliográficos
Autor principal: Vajnerová, Eva
Autor Corporativo: Fakulta hospodárskej informatiky EU. Katedra účtovníctva a audítorstva
Otros Autores: Kastlerová, Sylvia
Formato: Libro
Lenguaje:eslovaco
Publicado: Bratislava 2011
Etiquetas: Agregar Etiqueta
Sin Etiquetas, Sea el primero en etiquetar este registro!

MARC

LEADER 00000nbm a2200000 4500
001 0140786
005 20161109101950.5
041 0 |a slo 
044 |a SK 
245 1 0 |a Uplatnenie kontrolných postupov pri účtovaní a vykazovaní dlhodobého majetku  |b diplomová práca  |c Eva Vajnerová ; školiteľ: Sylvia Kastlerová 
264 1 |a Bratislava  |c 2011 
300 |a 71 s. 
100 1 |a Vajnerová, Eva 
700 1 |a Kastlerová, Sylvia 
710 2 |a Fakulta hospodárskej informatiky EU. Katedra účtovníctva a audítorstva